000 01041cab a22002055a 4500
001 L153405
008 110720e20110709xxk 000 0 eng d
035 _a(Sirsi) u153405
041 0 _aeng
100 1 _aDowsett, Kathryn
245 0 0 _aEast meets West
260 _c2011
490 _aEstates Gazette
_v(1127) 9 July 2011, 68-70(3)
520 _aOpportunties and challenges for Chinese companies hoping to invest overseas including in the UK over the coming years. Notes that there are a number of extremely complex regulations that make investing overseas complicated for Chinese companies as different rules apply depending on whether the Chinese buyer is a company or an individual. However the rules have slowly become more simplified firstly in 2009 and more recently in March 2011. Certain investments can now follow a fast track but large scale developments still need central approval.
590 _aKA
651 4 _aChina
651 4 _aUnited Kingdom
_y
690 _aPROPERTY-PROPERTY FINANCE AND INVESTMENT
942 _n0
999 _c83284
_d83284